00266nam a2200109Ia 4500008004100000100002500041245003500066260002100101650001000122942000700132999001700139190216s9999||||xx |||||||||||||| ||und|| aDr.Sabidanand Divedi 0aHindi-Hindi Nagari Lipi Va Ank bPrasar Prakashan aHindi cBK c16329d16329